Dastan-e-Khanwada: (Record no. 534492)

000 -LEADER
fixed length control field 00373nam a22001337a 4500
082 ## - DEWEY DECIMAL CLASSIFICATION NUMBER
Classification number 923.2
100 ## - MAIN ENTRY--PERSONAL NAME
Personal name Malik, Abdullah
245 ## - TITLE STATEMENT
Title Dastan-e-Khanwada:
Remainder of title Main Mahmood Ali Qasori /
Statement of responsibility, etc. Abdullah Malik
260 ## - PUBLICATION, DISTRIBUTION, ETC.
Place of publication, distribution, etc. Lahore :
Name of publisher, distributor, etc. Jang Publishers,
Date of publication, distribution, etc. 1995.
300 ## - PHYSICAL DESCRIPTION
Extent 586 p.
942 ## - ADDED ENTRY ELEMENTS (KOHA)
Source of classification or shelving scheme
Koha item type Book
Holdings
Withdrawn status Lost status Source of classification or shelving scheme Damaged status Not for loan Permanent Location Current Location Date acquired Source of acquisition Total Checkouts Full call number Barcode Date last seen Price effective from Koha item type
          Central Library (CL) Central Library (CL) 02/27/2020 Donation   923.2 ABD CL-D-840 02/27/2020 02/27/2020 Book
© 2023 Central Library, National University of Sciences and Technology. All Rights Reserved.